| 000 | 00414 a2200157 4500 | ||
|---|---|---|---|
| 003 | OSt | ||
| 005 | 20240116133843.0 | ||
| 008 | 240116b |||||||| |||| 00| 0 eng d | ||
| 040 | _coclc | ||
| 082 |
_a297 _bPAN/K |
||
| 100 |
_aPannur, E K M _910272 |
||
| 245 |
_aKhadiyanism / _cE K M Pannur |
||
| 260 |
_aKerala: _bKNM, _c2017. |
||
| 300 | _a80p | ||
| 942 |
_2ddc _cBK _h297 _iPAN/K _k297 _mPAN/K |
||
| 999 |
_c43200 _d43200 |
||